Global nutrition report / (Record no. 19058)
[ view plain ]
| 000 -LEADER | |
|---|---|
| fixed length control field | 00492cas a2200193 i 4500 |
| 022 0# - INTERNATIONAL STANDARD SERIAL NUMBER | |
| ISSN | 2380-6443 |
| 040 ## - CATALOGING SOURCE | |
| Transcribing agency | COF |
| 082 10 - DEWEY DECIMAL CLASSIFICATION NUMBER | |
| Classification number | 363 NUT 2015 C159 Or. |
| 245 00 - TITLE STATEMENT | |
| Title | Global nutrition report / |
| 300 ## - PHYSICAL DESCRIPTION | |
| Number of Pages | volumes : |
| Other physical details | illustrations ; |
| Dimensions | 28 cm |
| 650 #0 - SUBJECT ADDED ENTRY--TOPICAL TERM | |
| Topical Term | Nutrition policy |
| 650 #0 - SUBJECT ADDED ENTRY--TOPICAL TERM | |
| Topical Term | Nutrition |
| 650 #0 - SUBJECT ADDED ENTRY--TOPICAL TERM | |
| Topical Term | Food supply |
| 650 #7 - SUBJECT ADDED ENTRY--TOPICAL TERM | |
| Topical Term | Food supply. |
| 650 #7 - SUBJECT ADDED ENTRY--TOPICAL TERM | |
| Topical Term | Nutrition. |
| 650 #7 - SUBJECT ADDED ENTRY--TOPICAL TERM | |
| Topical Term | Nutrition policy. |
| 710 2# - ADDED ENTRY--CORPORATE NAME | |
| Corporate name or jurisdiction name as entry element | International Food Policy Research Institute, |
| 942 ## - ADDED ENTRY ELEMENTS (KOHA) | |
| Koha item type | ADB |
| 952 ## - LOCATION AND ITEM INFORMATION (KOHA) | |
| Withdrawn status [LOCAL, KOHA] | 0 |
| Source of acquisition | Permanent Location | Date acquired | Koha item type | Lost status | Shelving location | Current Location | Full call number |
|---|---|---|---|---|---|---|---|
| A39191 | Library Block C | 2020-03-04 | សៀវភៅភាសាអង់គ្លេស | C159 | Library Block C | 363 NUT 2015 C159 Or. |